000 00574cam a22002171 4500
001 sa 65004948
003 DLC
005 20260227112134.0
008 890925s1964 xx 000 0 ben
010 _asa 65004948
035 _a(OCoLC)23542687
040 _aDLC
_cMiU
_dICRL
_dDLC
042 _apremarc
050 0 0 _aBP80.A214
_bA35
100 1 _aAhmed, Nuruddin,
_d1943-
245 1 0 _aHayarata baṛ pira sāheba.
260 _c[1964]
300 _a2, 3, 211 p.
_billus., facsim.
_c22 cm.
500 _aIn Bengall.
600 0 0 _aʻAbd al-Qādir al-Jīlānī,
_d-1166.
999 _c64043
_d64043